00282nam a22001097a 4500041000800000082001900008100001700027245007700044260002600121300000700147650001800154 aENG a305.40954bSAN aSan Hla Kyaw aThe Status of women in Siaha District of Mizoram: A Historical Appraisal aHyderabadbARRCc2024 a61 aWomen - India